[Event "BL2 Nord 1011 (Women)"]
[Site "Germany"]
[Date "2011.02.20"]
[Round "7.5"]
[White "Reineke, Claudia"]
[Black "Lossin, Kathleen"]
[Result "1-0"]
[WhiteElo "1700"]
[BlackElo "1950"]
[PlyCount "109"]
[EventDate "2010.11.06"]
[EventType "team-tourn"]
[EventRounds "7"]
[EventCountry "GER"]
[SourceTitle "EXT 2012"]
[Source "ChessBase"]
[SourceDate "2011.11.24"]
[SourceVersion "1"]
[SourceVersionDate "2011.11.24"]
[SourceQuality "1"]
[WhiteTeam "Braunschweig (W)"]
[BlackTeam "Potsdam USV (W)"]
[WhiteTeamCountry "GER"]
[BlackTeamCountry "GER"]

1. e4 d5 2. exd5 Qxd5 3. Nc3 Qa5 4. d4 Nf6 5. Bd3 g6 6. Nge2 Bg7 7. 0-0 c6 8. Bf4 0-0 9. Qc1 Nbd7 10. Bh6 e5 11. Bxg7 Kxg7 12. Ne4 Re8 13. Nd6 Re7 14. Qg5 Nb6 15. Ng3 Ng8 16. Ndf5+ Bxf5 17. Nxf5+ Kf8 18. Nxe7 Nxe7 19. Qxe5 Qb4 20. Rfe1 Ng8 21. Rab1 Nd5 22. c3 Qb6 23. h4 Ndf6 24. Qd6+ Kg7 25. Re2 Rd8 26. Qf4 Qa5 27. Bc4 Rd7 28. Rbe1 b5 29. Bb3 Qb6 30. g4 b4 31. h5 h6 32. hxg6 fxg6 33. Bxg8 Nxg8 34. Qe5+ Kh7 35. Qc5 Qb7 36. cxb4 Qc8 37. Re6 Rf7 38. d5 Qd7 39. Qxc6 Qd8 40. Re8 Qh4 41. Qc5 Qxg4+ 42. Kf1 Qf3 43. d6 h5 44. Qe3 Qf5 45. Re7 Qb5+ 46. Qe2 Qd5 47. Rxf7+ Qxf7 48. Qd3 Qd7 49. Rc1 Kh6 50. Rc7 Qd8 51. Qe3+ g5 52. Qe6+ Nf6 53. Rc8 Qd7 54. Qxf6+ Kh7 55. Rc7 1-0

[Event "BL2 Nord 1011 (Women)"]
[Site "Germany"]
[Date "2011.02.19"]
[Round "6.6"]
[White "Saal, Hilkka"]
[Black "Lossin, Kathleen"]
[Result "0-1"]
[WhiteElo "1752"]
[BlackElo "1950"]
[PlyCount "42"]
[EventDate "2010.11.06"]
[EventType "team-tourn"]
[EventRounds "7"]
[EventCountry "GER"]
[SourceTitle "EXT 2012"]
[Source "ChessBase"]
[SourceDate "2011.11.24"]
[SourceVersion "1"]
[SourceVersionDate "2011.11.24"]
[SourceQuality "1"]
[WhiteTeam "Lehrte (W)"]
[BlackTeam "Potsdam USV (W)"]
[WhiteTeamCountry "GER"]
[BlackTeamCountry "GER"]

1. e4 d5 2. exd5 Qxd5 3. Nc3 Qa5 4. d4 Nf6 5. Nf3 Bg4 6. Bc4 Nc6 7. 0-0 e6 8. h3 Bh5 9. a3 0-0-0 10. g4 Nxg4 11. hxg4 Bxg4 12. Qd3 Qh5 13. Nd2 Nxd4 14. Qg3 Bd6 15. f4 Nf5 16. Qh2 Bc5+ 17. Kg2 Ne3+ 18. Kg3 Qg6 19. Bd3 Bf5+ 20. Kf3 Qg4+ 21. Kf2 Nxc2# 0-1

[Event "BL2 Ost 0809 (Women)"]
[Site "Germany"]
[Date "2009.03.08"]
[Round "7.4"]
[White "Lossin, Kathleen"]
[Black "Flemming, Peggy"]
[Result "1/2-1/2"]
[WhiteElo "1985"]
[BlackElo "1653"]
[PlyCount "37"]
[EventDate "2008.11.08"]
[EventType "team-tourn"]
[EventRounds "7"]
[EventCountry "GER"]
[SourceTitle "EXT 2010"]
[Source "ChessBase"]
[SourceDate "2010.11.25"]
[SourceVersion "1"]
[SourceVersionDate "2010.11.25"]
[SourceQuality "1"]
[WhiteTeam "Potsdam (W)"]
[BlackTeam "Dresden Gruen Weiss (W)"]
[WhiteTeamCountry "GER"]
[BlackTeamCountry "GER"]

1. e4 e6 2. d4 d5 3. Nd2 c5 4. exd5 exd5 5. Ngf3 Nc6 6. Bb5 Bg4 7. 0-0 Nf6 8. Qe1+ Be6 9. Ng5 Qd7 10. Nb3 b6 11. Qe2 Be7 12. dxc5 Bxc5 13. Nxc5 bxc5 14. Nxe6 fxe6 15. Re1 0-0 16. c3 Rae8 17. Be3 Qd6 18. f3 Re7 19. Qf2 1/2-1/2

[Event "BL2 Ost 0809 (Women)"]
[Site "Germany"]
[Date "2009.01.04"]
[Round "5.4"]
[White "Hippe, Franziska"]
[Black "Lossin, Kathleen"]
[Result "1-0"]
[WhiteElo "1927"]
[BlackElo "1985"]
[PlyCount "83"]
[EventDate "2008.11.08"]
[EventType "team-tourn"]
[EventRounds "7"]
[EventCountry "GER"]
[SourceTitle "EXT 2010"]
[Source "ChessBase"]
[SourceDate "2010.11.25"]
[SourceVersion "1"]
[SourceVersionDate "2010.11.25"]
[SourceQuality "1"]
[WhiteTeam "Torgelow (W)"]
[BlackTeam "Potsdam (W)"]
[WhiteTeamCountry "GER"]
[BlackTeamCountry "GER"]

1. e4 d5 2. exd5 Qxd5 3. Nc3 Qa5 4. d4 Nf6 5. Nf3 Bg4 6. h3 Bh5 7. g4 Bg6 8. Ne5 e6 9. h4 Bb4 10. Bd2 Be4 11. f3 Bd5 12. a3 Bxc3 13. bxc3 Qa4 14. Qb1 a6 15. c4 Bc6 16. Qa2 Nbd7 17. Nxd7 Kxd7 18. g5 Nh5 19. d5 exd5 20. cxd5 Rae8+ 21. Kd1 Bb5 22. Bh3+ Kd8 23. Bb4 Be2+ 24. Kc1 Qb5 25. d6 Bc4 26. Qb2 Qe5 27. dxc7+ Kxc7 28. Qxe5+ Rxe5 29. Kb2 Rhe8 30. Rad1 Rd5 31. Rxd5 Bxd5 32. Rd1 Be6 33. Bf1 Rd8 34. Ba5+ b6 35. Bxb6+ Kxb6 36. Rxd8 a5 37. Ra8 Bd5 38. Ra6+ Kb7 39. Rxa5 Bxf3 40. Rf5 Be4 41. Rxf7+ Kb6 42. Bd3 1-0

[Event "Mecklenburg VP LL 0708"]
[Site "Mecklenburg VP"]
[Date "2008.03.09"]
[Round "7"]
[White "Lossin, Kathleen"]
[Black "Moritz, Hartmut"]
[Result "1/2-1/2"]
[WhiteElo "1771"]
[BlackElo "1878"]
[PlyCount "27"]
[EventDate "2007.10.21"]
[EventType "team-tourn"]
[EventRounds "9"]
[EventCountry "GER"]
[SourceTitle "EXT 2016"]
[Source "ChessBase"]
[SourceDate "2015.10.08"]
[SourceVersion "1"]
[SourceVersionDate "2015.10.08"]
[SourceQuality "1"]
[WhiteTeam "Greifswald II"]
[BlackTeam "Rostock SSC 07 II"]
[WhiteTeamCountry "GER"]
[BlackTeamCountry "GER"]

1. e4 e6 2. d4 d5 3. Nd2 Nf6 4. e5 Nfd7 5. f4 c5 6. Ngf3 Nc6 7. c3 Qb6 8. Nb3 cxd4 9. Nfxd4 Nc5 10. Be3 Nxb3 11. Qxb3 Bc5 12. Qxb6 Bxb6 13. Kd2 Bxd4 14. Bxd4 1/2-1/2

[Event "BL2 Ost 0708 (Women)"]
[Site "Germany"]
[Date "2007.11.11"]
[Round "2.2"]
[White "Lossin, Kathleen"]
[Black "Sikorska, Agata"]
[Result "1/2-1/2"]
[WhiteElo "1994"]
[BlackElo "2054"]
[PlyCount "127"]
[EventDate "2007.11.10"]
[EventType "team-tourn"]
[EventRounds "7"]
[EventCountry "GER"]
[SourceTitle "EXT 2009"]
[Source "ChessBase"]
[SourceDate "2008.11.26"]
[SourceVersion "1"]
[SourceVersionDate "2008.11.26"]
[SourceQuality "1"]
[WhiteTeam "Potsdam (W)"]
[BlackTeam "Guben (W)"]
[WhiteTeamCountry "GER"]
[BlackTeamCountry "GER"]

1. e4 c5 2. Nf3 d6 3. d4 cxd4 4. Nxd4 Nf6 5. Nc3 a6 6. g3 g6 7. Bg2 Bg7 8. 0-0 0-0 9. h3 e6 10. Be3 Nc6 11. Qd2 Nxd4 12. Bxd4 Qc7 13. Rad1 e5 14. Be3 Rd8 15. Bg5 Be6 16. Kh1 Bc4 17. Rfe1 Rac8 18. g4 b5 19. a3 a5 20. b3 Bxb3 21. Nxb5 Qxc2 22. Qxa5 Ra8 23. Qc7 Qxc7 24. Nxc7 Bxd1 25. Nxa8 Bxg4 26. Nb6 Be6 27. a4 Rb8 28. a5 Nd7 29. Nxd7 Bxd7 30. a6 Ra8 31. Bf1 Bc6 32. Bc4 Kf8 33. f3 h6 34. Bh4 g5 35. Bf2 f5 36. Kg2 Ke7 37. a7 Kd7 38. Bb6 Bf6 39. Kf2 g4 40. Kg2 gxf3+ 41. Kxf3 fxe4+ 42. Kg4 d5 43. Ba6 Ke6 44. Kg3 Rg8+ 45. Kh2 Bh4 46. Rc1 Bg3+ 47. Kh1 Kd7 48. Bb7 Bxb7 49. Rc7+ Ke6 50. Rxb7 Ra8 51. Rb8 Rxa7 52. Bxa7 d4 53. Kg2 Bf4 54. Kf2 Kd5 55. Rc8 Bg5 56. Rc5+ Ke6 57. Rc6+ Kf5 58. Rd6 Kf4 59. Re6 Kf5 60. Re8 Bf4 61. Bb6 Kg5 62. Bd8+ Kf5 63. Bb6 Kg5 64. Bd8+ 1/2-1/2

[Event "Mecklenburg VP LL 0708"]
[Site "Mecklenburg VP"]
[Date "2007.11.04"]
[Round "2.7"]
[White "Lossin, Kathleen"]
[Black "Stemmler, Lysan"]
[Result "1/2-1/2"]
[WhiteElo "1771"]
[BlackElo "1742"]
[PlyCount "84"]
[EventDate "2007.10.21"]
[EventType "team-tourn"]
[EventRounds "9"]
[EventCountry "GER"]
[SourceTitle "EXT 2016"]
[Source "ChessBase"]
[SourceDate "2015.10.08"]
[SourceVersion "1"]
[SourceVersionDate "2015.10.08"]
[SourceQuality "1"]
[WhiteTeam "Greifswald II"]
[BlackTeam "Torgelow Droegeheide"]
[WhiteTeamCountry "GER"]
[BlackTeamCountry "GER"]

1. e4 d6 2. d4 Nf6 3. Nc3 g6 4. g3 Bg7 5. Bg2 0-0 6. Nf3 Nc6 7. 0-0 e5 8. dxe5 Nxe5 9. Nxe5 dxe5 10. h3 c6 11. Be3 Qc7 12. Qe2 Be6 13. Rfd1 Rad8 14. Rxd8 Rxd8 15. Rd1 b6 16. Rd2 Rxd2 17. Qxd2 Qd7 18. Qxd7 Nxd7 19. b3 Bf8 20. Kf1 Bc5 21. Ke2 Bd4 22. Kd2 Nc5 23. Ne2 Bxe3+ 24. Kxe3 a5 25. f4 f6 26. g4 Kf8 27. Bf1 Ke7 28. Nc3 Bf7 29. a4 Ne6 30. Ne2 Kd6 31. f5 Nc5 32. Nc3 g5 33. Be2 h6 34. Nb1 Nd7 35. Nd2 Nc5 36. Nb1 Kc7 37. Nc3 Nb7 38. Kd3 Nd6 39. Ke3 Be8 40. Bd3 Bf7 41. Be2 Nb7 42. Kd2 Nc5 1/2-1/2